000 00260nam a2200109 a 4500
005 20140412111327.0
008 110121s19uu xx 00 eng d
050 _aER
_bFa15 1994
100 _aKeith, Adrienne
245 _aFairies from A to Z.
999 _c104705
_d104705